00709nam a2200193 i 450000100060000000300090000600500170001500700030003200800410003508000130007610000330008924501120012226000640023430000270029865000310032585200210035699900170037795201210039499466ES-MaACL20230906182513.0t|050912s1921 sp ||||1| spa d a396(460)1 aMartínez, Graciano.97774713aEl libro de la mujer española b: hacia un feminismo cuasi dogmático / cpor el P. Graciano Martínez. aMadrid : b[s.n.], c1921 (fImp. del Asilo de Huérfanos) aXVI, 394 p. ; c22 cm.04aMujeres-zEspaña.915274 aES-MaACLjD-1124 c99466d99466 00104070aATENEOMbATENEOMcSVId2008-01-17eSCl0oD-1124p901103859r2023-02-23 00:00:00w2023-02-23yMONOGRAFIA